00367cam a22001097a 4500008004000000082001600040100001700056245009200073260006700165300001000232700001500242180718b1978 xxu||||| |||| 00| 0 eng d aK65x54 In2b aSaxena, D.S. aBenefits to thed families of deceased government servantscby D.S. Saxena and P.N. Arya aDelhibDepartment od Secretariat Training and Managementc1978 a28+p. aArya, P.N.